| 000 | 00386nam a22001697a 4500 | ||
|---|---|---|---|
| 005 | 20260331170928.0 | ||
| 008 | 160614b xxu||||| |||| 00| 0 eng d | ||
| 020 | _a81-7649-676-6 | ||
| 041 | _aeng | ||
| 082 | _b650.1 | ||
| 100 |
_aHaynes, Marion E _91848 |
||
| 245 | _aPersonal time Management | ||
| 260 |
_bViva Books _c2004 |
||
| 300 | _a109 | ||
| 650 | _aManagement | ||
| 942 | _cBK | ||
| 999 |
_c2598 _d2597 |
||